Construction contract administration for project owners

Bibliographic Details
Main Author: Lancome, Calude G. (Author)
Format: Book
Language:English
Published: New York : Routledge 2017.
Edition:First edition
Subjects:

MARC

LEADER 00000cam a2200000 7i4500
001 0000027758
005 20180201.0
008 180129 -us eng
020 |a 9781138244252 
040 |a INS   |b eng   |e rda 
090 0 0 |a K891.B8   |b L36 2017 
100 1 |a Lancome, Calude G. ,   |e author 
245 1 0 |a Construction contract administration for project owners   |c Claude G. Lancome 
250 |a First edition 
264 1 |a New York :   |b Routledge   |c 2017. 
300 |a 222 pages ;   |c 25 cm. 
336 |a text  |2 rdacontent 
337 |a unmediated  |2 rdamedia 
338 |a volume  |2 rdacarrier 
500 |a Includes index 
650 0 |a Construction contracts 
650 0 |a Construction contracts   |x Management 
650 0 |a Contracts (International law) 
999 |a 1000003241   |b BOOK   |c Open Shelf   |e Default branch